000
00338nam a2200145Ia 4500
003
OSt
005
20231107053239.0
008
170523s9999 xx 000 0 und d
020
_a
9788177001952
040
_c
IIMT
100
_a
Domkundwar- Arora
245
0
_a
POWER PLANT ENGINEERING6
260
_a
Dhanpat Rai & Co.
942
_2
ddc
_c
02
999
_c
12558
_d
12558